[Event "CZE-chT 2223"]
[Site "Czech Republic"]
[Date "2023.03.24"]
[Round "9.3"]
[White "Cifka, Stanislav"]
[Black "Novak, Pavel"]
[Result "1/2-1/2"]
[WhiteElo "2391"]
[BlackElo "2391"]
[PlyCount "83"]
[EventDate "2022.10.15"]
[EventType "team-tourn"]
[EventRounds "11"]
[EventCountry "CZE"]
[SourceTitle "CBM 213 Extra"]
[Source "ChessBase"]
[SourceDate "2023.05.31"]
[SourceVersion "1"]
[SourceVersionDate "2023.05.31"]
[SourceQuality "1"]
[WhiteTeam "Oaza Loznice.cz"]
[BlackTeam "Ingem Line"]
[WhiteTeamCountry "CZE"]
[BlackTeamCountry "CZE"]

1. d4 Nf6 2. c4 g6 3. Nc3 d5 4. cxd5 Nxd5 5. Bd2 Bg7 6. e4 Nb6 7. Be3 Nc6 8. Bb5 0-0 9. Nge2 f5 10. 0-0 f4 11. Nxf4 Nxd4 12. Bd3 e5 13. Nfd5 c6 14. Nxb6 axb6 15. Bc4+ Kh8 16. a4 Qe7 17. b3 Be6 18. Bxe6 Qxe6 19. Rb1 Rad8 20. Qc1 Rd6 21. Qb2 Qg4 22. Kh1 Qh5 23. f3 Bh6 24. Qf2 Bg5 25. Bxg5 Qxg5 26. Rfd1 Rfd8 27. Qg3 Qf6 28. h3 Ne2 29. Qe1 Nf4 30. Rxd6 Rxd6 31. Ne2 Nd3 32. Qg3 Kg7 33. Kh2 Nf4 34. Nxf4 Qxf4 35. h4 Kf6 36. Kh3 Qxg3+ 37. Kxg3 Rd2 38. Rc1 Rd3 39. Rb1 Rd2 40. Rc1 Rd3 41. Rb1 Rd2 42. Rc1 1/2-1/2

[Event "CZE-chT 2223"]
[Site "Czech Republic"]
[Date "2023.01.08"]
[Round "6.6"]
[White "Cifka, Stanislav"]
[Black "Sasikiran, Krishnan"]
[Result "0-1"]
[WhiteElo "2391"]
[BlackElo "2636"]
[PlyCount "108"]
[EventDate "2022.10.15"]
[EventType "team-tourn"]
[EventRounds "11"]
[EventCountry "CZE"]
[SourceTitle "CBM 213 Extra"]
[Source "ChessBase"]
[SourceDate "2023.05.31"]
[SourceVersion "1"]
[SourceVersionDate "2023.05.31"]
[SourceQuality "1"]
[WhiteTeam "Oaza Loznice.cz"]
[BlackTeam "Novoborsky"]
[WhiteTeamCountry "CZE"]
[BlackTeamCountry "CZE"]

1. d4 Nf6 2. c4 e6 3. Nf3 d5 4. Nc3 c6 5. g3 Nbd7 6. Bg2 dxc4 7. 0-0 Be7 8. a4 a5 9. e4 0-0 10. Qe2 b6 11. Rd1 Ba6 12. h4 Re8 13. h5 h6 14. Nh2 Qc7 15. e5 Nd5 16. Qg4 Kh8 17. Qf3 f6 18. exf6 N7xf6 19. Ng4 Rad8 20. Ne5 Bd6 21. Ng6+ Kg8 22. Re1 e5 23. Nxd5 Nxd5 24. dxe5 Bxe5 25. Nxe5 Rxe5 26. Bd2 Rf8 27. Qg4 Rxe1+ 28. Rxe1 Qf7 29. Qe6 Bc8 30. Qxf7+ Kxf7 31. Re4 Ba6 32. Rd4 Rd8 33. Bf4 Rd7 34. Be5 b5 35. axb5 Bxb5 36. f4 a4 37. Rd2 Nf6 38. Rxd7+ Nxd7 39. Bd4 Nf6 40. Bf3 Nd5 41. Bxd5+ cxd5 42. Kf2 g6 43. hxg6+ Kxg6 44. g4 Bd7 45. Kf3 Bxg4+ 46. Kxg4 h5+ 47. Kf3 Kf5 48. Be5 h4 49. Bd6 h3 50. Kg3 d4 51. Bb4 c3 52. bxc3 d3 53. c4 a3 54. c5 a2 0-1

[Event "CZE-chT1W 2122"]
[Site "Czech Republic"]
[Date "2022.01.23"]
[Round "7.5"]
[White "Cifka, Stanislav"]
[Black "Priehoda, Vitezslav"]
[Result "1-0"]
[WhiteElo "2392"]
[BlackElo "2268"]
[PlyCount "79"]
[EventDate "2021.10.10"]
[EventType "team-tourn"]
[EventRounds "11"]
[EventCountry "CZE"]
[SourceTitle "EXT 2023"]
[Source "ChessBase"]
[SourceDate "2022.10.05"]
[SourceVersion "1"]
[SourceVersionDate "2022.10.05"]
[SourceQuality "1"]
[WhiteTeam "Praha Oaza"]
[BlackTeam "Lysa nad Labem III"]
[WhiteTeamCountry "CZE"]
[BlackTeamCountry "CZE"]

1. d4 d5 2. c4 e6 3. Nc3 Nf6 4. cxd5 exd5 5. Bg5 Be7 6. e3 c6 7. Qc2 Nbd7 8. Bd3 0-0 9. h3 Re8 10. Nf3 Nf8 11. Bf4 Ng6 12. Bh2 Bd6 13. Bxd6 Qxd6 14. 0-0-0 Qe7 15. g4 b5 16. Kb1 Bd7 17. Rc1 a5 18. Rhg1 a4 19. Ne2 Ne4 20. Bxe4 dxe4 21. Nd2 b4 22. Qc5 Qf6 23. Rgf1 b3 24. a3 Nh4 25. Nf4 Ng6 26. Nh5 Qh4 27. Qd6 Rad8 28. Qg3 Qe7 29. Rc5 Rb8 30. Nc4 Rb5 31. Nd6 Rxc5 32. Nxe8 Rxh5 33. gxh5 Qxe8 34. hxg6 hxg6 35. Rc1 Be6 36. Rc5 Qa8 37. Qc7 Qa6 38. Rxc6 Qf1+ 39. Rc1 Qxf2 40. d5 1-0

[Event "CZE-chT 1617"]
[Site "Czech Republic"]
[Date "2017.04.02"]
[Round "11.4"]
[White "Cifka, Stanislav"]
[Black "Roubalik, Jakub"]
[Result "1/2-1/2"]
[WhiteElo "2410"]
[BlackElo "2400"]
[PlyCount "226"]
[EventDate "2016.10.08"]
[EventType "team-tourn"]
[EventRounds "11"]
[EventCountry "CZE"]
[SourceTitle "CBM 177 Extra"]
[Source "ChessBase"]
[SourceDate "2017.04.27"]
[SourceVersion "1"]
[SourceVersionDate "2017.04.27"]
[SourceQuality "1"]
[WhiteTeam "Tatran Litovel"]
[BlackTeam "Brno Duras"]
[WhiteTeamCountry "CZE"]
[BlackTeamCountry "CZE"]

1. Nf3 d5 2. e3 Nf6 3. c4 c6 4. Nc3 e6 5. b3 Nbd7 6. Bb2 Bd6 7. Qc2 0-0 8. Rg1 e5 9. cxd5 cxd5 10. Nb5 Bb8 11. Rc1 e4 12. Nfd4 Bxh2 13. Rh1 Be5 14. f4 exf3 15. gxf3 a6 16. Nc7 Bxc7 17. Qxc7 Qxc7 18. Rxc7 Ne5 19. Kf2 Re8 20. Be2 b5 21. Rhc1 Bd7 22. R1c5 h5 23. Nc2 Bf5 24. Nb4 Ned7 25. Rc1 Ne5 26. R1c5 Ned7 27. R5c6 a5 28. Nd3 b4 29. Rc1 Reb8 30. Nf4 a4 31. Bd1 a3 32. Bd4 g5 33. Ne2 Ne8 34. R7c6 Ng7 35. f4 Ne6 36. fxg5 Nxd4 37. Nxd4 Bg6 38. Nf3 Re8 39. d4 Re6 40. Rc7 Re7 41. Be2 Rae8 42. Bb5 Bf5 43. Bxd7 Rxd7 44. Rxd7 Bxd7 45. Ne5 Bf5 46. Nc6 Kg7 47. Nxb4 Be4 48. Kg3 Kg6 49. Kh4 Bf3 50. Nd3 Rxe3 51. Ne5+ Kg7 52. Rc7 Re4+ 53. Kg3 Bd1 54. Rxf7+ Kg8 55. Ra7 Rxd4 56. Rxa3 Re4 57. Ra8+ Kg7 58. Ra7+ Kg8 59. Ra8+ Kg7 60. Ra7+ Kg8 61. Nd7 h4+ 62. Kh2 Re2+ 63. Kh3 Kf7 64. Kxh4 Re4+ 65. Kg3 Rg4+ 66. Kf2 Rxg5 67. Nc5+ Kf6 68. Ke3 Ke5 69. Nd3+ Kd6 70. Ra6+ Kc7 71. Nb4 Rg3+ 72. Kd4 Bxb3 73. axb3 Rxb3 74. Nxd5+ Kb7 75. Rh6 Rb1 76. Ke5 Re1+ 77. Kd6 Rd1 78. Rh2 Ka6 79. Rb2 Ka7 80. Rb3 Rh1 81. Kc6 Rh6+ 82. Kc5 Rh5 83. Rf3 Kb7 84. Rf7+ Ka6 85. Rg7 Re5 86. Rg2 Rh5 87. Rg6+ Kb7 88. Rg7+ Kb8 89. Rf7 Rh1 90. Nb4 Rc1+ 91. Kb6 Kc8 92. Nd3 Rd1 93. Nc5 Kd8 94. Kc6 Ke8 95. Ra7 Rd2 96. Ne4 Rd1 97. Nf6+ Kf8 98. Nd5 Rf1 99. Kd6 Rf6+ 100. Ke5 Rf1 101. Nf4 Re1+ 102. Kf6 Ke8 103. Nd3 Rf1+ 104. Ke6 Kf8 105. Rb7 Kg8 106. Ne5 Re1 107. Rb2 Rg1 108. Rb7 Re1 109. Rd7 Re2 110. Rd1 Rg2 111. Rf1 Kg7 112. Rf7+ Kg8 113. Ke7 Rg7 1/2-1/2

[Event "CZE-chT1W 1617"]
[Site "Czech Republic"]
[Date "2017.02.05"]
[Round "7.4"]
[White "Cifka, Stanislav"]
[Black "Vorisek, Jakub"]
[Result "1-0"]
[WhiteElo "2410"]
[BlackElo "2163"]
[PlyCount "55"]
[EventDate "2016.10.16"]
[EventType "team-tourn"]
[EventRounds "11"]
[EventCountry "CZE"]
[SourceTitle "CBM 177 Extra"]
[Source "ChessBase"]
[SourceDate "2017.04.27"]
[SourceVersion "1"]
[SourceVersionDate "2017.04.27"]
[SourceQuality "1"]
[WhiteTeam "Ceske Budejovice"]
[BlackTeam "Praha Bohemians"]
[WhiteTeamCountry "CZE"]
[BlackTeamCountry "CZE"]

1. d4 f5 2. Nf3 Nf6 3. g3 d6 4. Bg2 g6 5. b4 Bg7 6. Bb2 Nbd7 7. c4 Ne4 8. Nfd2 Nxd2 9. Nxd2 e5 10. dxe5 Nxe5 11. Qb3 Qe7 12. 0-0 0-0 13. e3 Kh8 14. a4 a5 15. bxa5 Rxa5 16. Bxb7 Bxb7 17. Qxb7 Rfa8 18. Bd4 h6 19. Rfb1 Kh7 20. Rb5 Rxa4 21. Qxa8 Rxa8 22. Rxa8 f4 23. Rb7 Nc6 24. Rc8 Nxd4 25. exd4 Qe1+ 26. Nf1 fxg3 27. hxg3 g5 28. Rcxc7 1-0

[Event "CZE-chT1W 1617"]
[Site "Czech Republic"]
[Date "2016.10.16"]
[Round "1.6"]
[White "Postupa, Pavel1111"]
[Black "Cifka, Stanislav"]
[Result "0-1"]
[WhiteElo "2216"]
[BlackElo "2410"]
[PlyCount "106"]
[EventDate "2016.10.16"]
[EventType "team-tourn"]
[EventRounds "11"]
[EventCountry "CZE"]
[SourceTitle "CBM 175 Extra"]
[Source "ChessBase"]
[SourceDate "2016.12.12"]
[SourceVersion "1"]
[SourceVersionDate "2016.12.12"]
[SourceQuality "1"]
[WhiteTeam "Praha Grop"]
[BlackTeam "Ceske Budejovice"]
[WhiteTeamCountry "CZE"]
[BlackTeamCountry "CZE"]

1. e4 e6 2. d4 d5 3. Nd2 Nc6 4. Ngf3 Nf6 5. e5 Nd7 6. Nb3 f6 7. Bb5 Be7 8. 0-0 a5 9. a4 0-0 10. Re1 fxe5 11. dxe5 Nc5 12. c3 Bd7 13. Be3 Nxb3 14. Qxb3 Rxf3 15. gxf3 Nxe5 16. Be2 Bc6 17. Bf4 Bd6 18. Bxe5 Bxe5 19. Bb5 Qg5+ 20. Kf1 Rf8 21. Re3 Bxh2 22. Rae1 e5 23. Bxc6 bxc6 24. c4 d4 25. c5+ Kh8 26. Rd3 Qg6 27. Re4 h5 28. Qb7 Qe6 29. Rh4 Qg6 30. Re4 Qg1+ 31. Ke2 Qb1 32. Qb3 Qg1 33. Rh4 g6 34. Qe6 Kg7 35. Qh3 Bf4 36. Qd7+ Rf7 37. Qxc6 Qc1 38. Qb5 c6 39. Qb3 Qxc5 40. Rh1 Qd6 41. Qc4 c5 42. Rb3 Qc6 43. Rb5 Bg5 44. Rh3 Qc8 45. Rg3 Bh4 46. Rg1 Qf5 47. Rb3 e4 48. Rf1 exf3+ 49. Kd1 Bg5 50. Rd3 Rb7 51. Qc2 Rxb2 52. Qxb2 Qxd3+ 53. Ke1 Bc1 0-1

[Event "CZE-chT1W 1314"]
[Site "Czech Republic"]
[Date "2014.04.13"]
[Round "11.3"]
[White "Cifka, Stanislav"]
[Black "Nun, Jiri"]
[Result "1-0"]
[WhiteElo "2411"]
[BlackElo "2376"]
[PlyCount "103"]
[EventDate "2013.10.20"]
[EventType "team-tourn"]
[EventRounds "11"]
[EventCountry "CZE"]
[SourceTitle "EXT 2015"]
[Source "ChessBase"]
[SourceDate "2014.11.20"]
[SourceVersion "1"]
[SourceVersionDate "2014.11.20"]
[SourceQuality "1"]
[WhiteTeam "Ceske Budejovice"]
[BlackTeam "Hradec Kralove"]
[WhiteTeamCountry "CZE"]
[BlackTeamCountry "CZE"]

1. d4 c5 2. c3 cxd4 3. cxd4 g6 4. Nc3 Bg7 5. e4 d6 6. Be3 Nf6 7. Bb5+ Nfd7 8. Qd2 a6 9. Be2 e6 10. Bh6 Bxh6 11. Qxh6 Nc6 12. Nf3 Qe7 13. 0-0-0 Nd8 14. e5 d5 15. h4 Qf8 16. Qe3 h6 17. Nh2 Nc6 18. f4 b5 19. Kb1 Nb6 20. Ng4 Qe7 21. Nf6+ Kf8 22. Ka1 b4 23. Nb1 Nd7 24. Rc1 Bb7 25. Nxd7+ Qxd7 26. h5 Ne7 27. g4 Rc8 28. Rcf1 Ke8 29. Bd3 Kd8 30. hxg6 fxg6 31. f5 gxf5 32. gxf5 exf5 33. Rxh6 Rxh6 34. Qxh6 Rc6 35. Qd2 Rb6 36. Qg5 Rg6 37. Qh5 Bc8 38. Bxf5 Qxf5 39. Rxf5 Bxf5 40. Qd1 Nc6 41. a3 a5 42. axb4 axb4 43. Ka2 Rg4 44. Nd2 Rxd4 45. Qg1 Bc2 46. e6 Ke7 47. Nf3 Rd3 48. Qc5+ Kf6 49. b3 Bxb3+ 50. Kb2 Ba4 51. Qf8+ Kxe6 52. Qg8+ 1-0

[Event "AUT-chT2M 1314"]
[Site "Austria"]
[Date "2014.04.06"]
[Round "11.2"]
[White "Kuba, Guenter"]
[Black "Cifka, Stanislav"]
[Result "1/2-1/2"]
[WhiteElo "2378"]
[BlackElo "2411"]
[PlyCount "26"]
[EventDate "2013.10.04"]
[EventType "team-tourn"]
[EventRounds "11"]
[EventCountry "AUT"]
[SourceTitle "EXT 2015"]
[Source "ChessBase"]
[SourceDate "2014.11.20"]
[SourceVersion "1"]
[SourceVersionDate "2014.11.20"]
[SourceQuality "1"]
[WhiteTeam "Fuerstenfeld"]
[BlackTeam "Steyregg"]
[WhiteTeamCountry "AUT"]
[BlackTeamCountry "AUT"]

1. e4 c5 2. Nf3 e6 3. g3 Nc6 4. Bg2 d5 5. exd5 exd5 6. d4 Bg4 7. 0-0 Nxd4 8. Qe1+ Be6 9. Nxd4 cxd4 10. Qe5 Qf6 11. Qc7 Qe7 12. Qe5 Qf6 13. Qc7 Qe7 1/2-1/2

[Event "CZE-chT1W 1314"]
[Site "Czech Republic"]
[Date "2014.01.26"]
[Round "6.3"]
[White "Sodoma, Jan"]
[Black "Cifka, Stanislav"]
[Result "1-0"]
[WhiteElo "2344"]
[BlackElo "2411"]
[PlyCount "47"]
[EventDate "2013.10.20"]
[EventType "team-tourn"]
[EventRounds "11"]
[EventCountry "CZE"]
[SourceTitle "EXT 2015"]
[Source "ChessBase"]
[SourceDate "2014.11.20"]
[SourceVersion "1"]
[SourceVersionDate "2014.11.20"]
[SourceQuality "1"]
[WhiteTeam "Praha Bohemians"]
[BlackTeam "Ceske Budejovice"]
[WhiteTeamCountry "CZE"]
[BlackTeamCountry "CZE"]

1. d4 Nf6 2. c4 e6 3. Nc3 Bb4 4. Qc2 0-0 5. a3 Bxc3+ 6. Qxc3 d5 7. Bg5 dxc4 8. Qxc4 b6 9. Nf3 Ba6 10. Qc2 c5 11. e4 Bxf1 12. Kxf1 h6 13. Bh4 g5 14. Bg3 g4 15. Ne5 Qxd4 16. Re1 Rd8 17. h3 gxh3 18. Rxh3 Qd2 19. Qb3 Nbd7 20. Qf3 Kf8 21. b3 Ke8 22. Nc4 Qg5 23. e5 Qg4 24. exf6 1-0

[Event "Klatovy op-A"]
[Site "Klatovy"]
[Date "2013.07.06"]
[Round "8"]
[White "Eretova, Jana"]
[Black "Cifka, Stanislav"]
[Result "0-1"]
[WhiteElo "2101"]
[BlackElo "2412"]
[PlyCount "64"]
[EventDate "2013.06.29"]
[EventType "swiss"]
[EventRounds "9"]
[EventCountry "CZE"]
[SourceTitle "EXT 2014"]
[Source "ChessBase"]
[SourceDate "2013.11.20"]
[SourceVersion "1"]
[SourceVersionDate "2013.11.20"]
[SourceQuality "1"]

1. Nf3 c5 2. g3 b6 3. Bg2 Bb7 4. 0-0 Nf6 5. d3 g6 6. e4 Bg7 7. Nbd2 0-0 8. Re1 Nc6 9. e5 Nd5 10. a4 d6 11. Nc4 dxe5 12. Nfxe5 Nxe5 13. Nxe5 Qc7 14. Qe2 Nb4 15. Bf4 Bxg2 16. Kxg2 Qb7+ 17. Kg1 g5 18. Bc1 h6 19. f4 Rad8 20. fxg5 hxg5 21. Bxg5 Bxe5 22. Qxe5 f6 23. Qf5 Rf7 24. Bh6 Rh7 25. Qg6+ Kh8 26. Re4 Rg8 27. Qh5 Nxc2 28. Rc1 Nd4 29. Rce1 e6 30. Kf2 Nf5 31. Rxe6 Nxh6 32. Re8 Ng4+ 0-1

[Event "Klatovy op-A"]
[Site "Klatovy"]
[Date "2013.07.03"]
[Round "5"]
[White "Cifka, Stanislav"]
[Black "Lacina, Adolf"]
[Result "1-0"]
[WhiteElo "2412"]
[BlackElo "2214"]
[PlyCount "93"]
[EventDate "2013.06.29"]
[EventType "swiss"]
[EventRounds "9"]
[EventCountry "CZE"]
[SourceTitle "EXT 2014"]
[Source "ChessBase"]
[SourceDate "2013.11.20"]
[SourceVersion "1"]
[SourceVersionDate "2013.11.20"]
[SourceQuality "1"]

1. d4 Nf6 2. c4 e5 3. dxe5 Ng4 4. Bf4 Bb4+ 5. Nd2 Nc6 6. Ngf3 Qe7 7. e3 Ngxe5 8. Nxe5 Nxe5 9. Be2 d6 10. 0-0 Bxd2 11. Qxd2 0-0 12. Rac1 a5 13. c5 dxc5 14. Qd5 Ng6 15. Bg3 Rd8 16. Qxc5 Qxc5 17. Rxc5 Rd2 18. Bf3 c6 19. Rd1 Rxd1+ 20. Bxd1 Be6 21. a3 Ne7 22. Kf1 b6 23. Rc1 Rc8 24. Be2 Bd5 25. Ba6 Ra8 26. Bd3 c5 27. Rd1 Bc6 28. Be2 Kf8 29. Bc7 Nd5 30. Bd6+ Ke8 31. Bc4 Ne7 32. Be5 f6 33. Bc7 b5 34. Be6 a4 35. Bb6 c4 36. Rd6 Be4 37. Bd7+ Kf7 38. Bc5 Rb8 39. f3 Nf5 40. Ra6 Bd3+ 41. Kf2 Rb7 42. Bc6 Rc7 43. Bb4 g5 44. Bxb5 c3 45. Bxd3 c2 46. Bd2 Ne7 47. Bc1 1-0

[Event "Klatovy op-A"]
[Site "Klatovy"]
[Date "2013.07.01"]
[Round "3"]
[White "Cifka, Stanislav"]
[Black "Kopta, Pavel"]
[Result "1/2-1/2"]
[WhiteElo "2412"]
[BlackElo "2292"]
[PlyCount "110"]
[EventDate "2013.06.29"]
[EventType "swiss"]
[EventRounds "9"]
[EventCountry "CZE"]
[SourceTitle "EXT 2014"]
[Source "ChessBase"]
[SourceDate "2013.11.20"]
[SourceVersion "1"]
[SourceVersionDate "2013.11.20"]
[SourceQuality "1"]

1. d4 Nf6 2. c4 e6 3. Nc3 d5 4. cxd5 exd5 5. Bg5 Be7 6. e3 Nbd7 7. Bd3 0-0 8. Nf3 Nb6 9. Qc2 h6 10. Bf4 a6 11. h3 Bd6 12. Ne5 Be6 13. 0-0 Rc8 14. Rac1 Qe7 15. Qb3 Rb8 16. Bh2 Nbd7 17. f4 Nb6 18. Kh1 Ne4 19. f5 Nd2 20. Qc2 Nxf1 21. fxe6 Bxe5 22. Bxe5 Nxe3 23. Qe2 Nec4 24. Nxd5 Nxd5 25. Bxc4 Qxe6 26. Bxd5 Qxd5 27. Qg4 g6 28. Rxc7 Rfe8 29. Qf4 Rxe5 30. dxe5 Re8 31. Qf6 Qd1+ 32. Kh2 Qd5 33. a4 b5 34. axb5 axb5 35. Re7 Rxe7 36. Qxe7 Qb3 37. Qe8+ Kg7 38. e6 fxe6 39. Qe7+ Kg8 40. Qe8+ Kg7 41. Qe7+ Kg8 42. Qf6 Qd3 43. Qxe6+ Kg7 44. Qe7+ Kg8 45. Qf6 h5 46. b4 Kh7 47. Qe7+ Kg8 48. Qf6 Kh7 49. h4 Qc4 50. Qe7+ Kg8 51. g3 Qc2+ 52. Kh3 Qf5+ 53. Kg2 Kh8 54. Qc5 Kg7 55. Qe7+ Kg8 1/2-1/2

[Event "CZE-chT1W 1011"]
[Site "Czech Republic"]
[Date "2011.01.30"]
[Round "7.2"]
[White "Cifka, Stanislav"]
[Black "Cernousek, Lukas"]
[Result "1/2-1/2"]
[WhiteElo "2410"]
[BlackElo "2410"]
[PlyCount "182"]
[EventDate "2010.10.10"]
[EventType "team-tourn"]
[EventRounds "11"]
[EventCountry "CZE"]
[SourceTitle "EXT 2012"]
[Source "ChessBase"]
[SourceDate "2011.11.24"]
[SourceVersion "1"]
[SourceVersionDate "2011.11.24"]
[SourceQuality "1"]
[WhiteTeam "Ceske Budejovice"]
[BlackTeam "Postovni Sporitelna"]
[WhiteTeamCountry "CZE"]
[BlackTeamCountry "CZE"]

1. d4 Nf6 2. c4 g6 3. Nc3 d5 4. Bg5 Bg7 5. Bxf6 Bxf6 6. cxd5 0-0 7. Rc1 c6 8. dxc6 Qxd4 9. Qxd4 Bxd4 10. Nf3 Bxc3+ 11. Rxc3 Nxc6 12. e3 Be6 13. Bc4 Bxc4 14. Rxc4 Na5 15. Rc1 Rfc8 16. Ke2 Nc4 17. Nd4 Nxb2 18. Rxc8+ Rxc8 19. Rb1 e5 20. Rxb2 exd4 21. exd4 Rc7 22. Kd3 Kf8 23. Re2 Re7 24. Re4 Ke8 25. g4 h6 26. d5 Rxe4 27. Kxe4 Ke7 28. h4 f6 29. h5 gxh5 30. gxh5 b5 31. Kf5 Kf7 32. d6 b4 33. d7 Ke7 34. Kg6 a5 35. Kxh6 a4 36. Kg7 b3 37. axb3 axb3 38. h6 b2 39. h7 b1Q 40. d8Q+ Kxd8 41. h8Q+ Kd7 42. Qh4 f5 43. Kf6 Qb2+ 44. Kg6 Qe5 45. Qa4+ Kd6 46. Qb4+ Kd5 47. Qb3+ Ke4 48. Qe3+ Kd5 49. Qf3+ Ke6 50. Qc6+ Ke7 51. Qb7+ Kd6 52. Kg5 f4+ 53. Kg4 Qe2+ 54. f3 Qe5 55. Qb8+ Ke6 56. Qf8 Qe3 57. Qf5+ Ke7 58. Qg5+ Ke6 59. Qg6+ Ke7 60. Qh7+ Kf6 61. Qh4+ Kg6 62. Qg5+ Kf7 63. Qf5+ Kg7 64. Qd5 Kf6 65. Qd8+ Kg6 66. Qd6+ Kf7 67. Qc7+ Kg6 68. Qc6+ Kf7 69. Kf5 Qd3+ 70. Kxf4 Qd4+ 71. Kf5 Qd3+ 72. Qe4 Qd7+ 73. Kg5 Qd8+ 74. Kg4 Qg8+ 75. Kf4 Qb8+ 76. Qe5 Qb4+ 77. Kg3 Kg6 78. Qe8+ Kg5 79. Qg8+ Kf6 80. Qd8+ Kg6 81. Qe8+ Kf6 82. Qe3 Kg6 83. Qe6+ Kg5 84. Qe5+ Kg6 85. f4 Qb3+ 86. Kh4 Qf3 87. Qe6+ Kg7 88. Qd6 Qf2+ 89. Kg5 Qg2+ 90. Kf5 Qc2+ 91. Ke5 Qe2+ 1/2-1/2

[Event "Prague op-A 10th"]
[Site "Prague"]
[Date "2011.01.10"]
[Round "4"]
[White "Nemcova, Katerina"]
[Black "Cifka, Stanislav"]
[Result "0-1"]
[WhiteElo "2289"]
[BlackElo "2403"]
[PlyCount "118"]
[EventDate "2011.01.07"]
[EventType "swiss"]
[EventRounds "9"]
[EventCountry "CZE"]
[SourceTitle "CBM 140 Extra"]
[Source "ChessBase"]
[SourceDate "2011.03.01"]
[SourceVersion "1"]
[SourceVersionDate "2011.03.01"]
[SourceQuality "1"]

1. e4 e5 2. Nf3 Nc6 3. Bc4 Bc5 4. 0-0 Nf6 5. d4 Bxd4 6. Nxd4 Nxd4 7. f4 d6 8. fxe5 dxe5 9. Bg5 Be6 10. Na3 Qe7 11. c3 Nc6 12. Kh1 a6 13. Qe2 Bxc4 14. Nxc4 Qe6 15. Bxf6 gxf6 16. b4 Rg8 17. a4 Ne7 18. Rad1 Rd8 19. Ne3 Rg5 20. Rxd8+ Kxd8 21. Qf2 Ke8 22. Qxf6 Qxf6 23. Rxf6 Nc8 24. Nd5 c6 25. Ne3 Ke7 26. Rh6 Nd6 27. Rh4 Rg8 28. a5 Nb5 29. Nf5+ Ke6 30. Rh6+ Rg6 31. Rh3 Rg4 32. Rh6+ Kd7 33. Ng3 Nxc3 34. Rxh7 Ke6 35. Rh6+ f6 36. Rh7 Nxe4 37. Rxb7 Nxg3+ 38. hxg3 f5 39. Kg1 Kd5 40. Kf2 c5 41. bxc5 Ra4 42. c6 Rxa5 43. c7 Rc5 44. Ra7 Ke4 45. Rxa6 Rc2+ 46. Ke1 Rxc7 47. Ra4+ Kd3 48. Ra3+ Rc3 49. Ra5 e4 50. Rd5+ Ke3 51. Rd1 Rc2 52. Kf1 Rf2+ 53. Kg1 Rd2 54. Rf1 Kd3 55. Rxf5 e3 56. Kh2 e2 57. Rd5+ Kc2 58. Re5 Kd1 59. g4 Rd3 0-1

[Event "Prague op-A 10th"]
[Site "Prague"]
[Date "2011.01.09"]
[Round "3"]
[White "Cifka, Stanislav"]
[Black "Omelja, Artem"]
[Result "0-1"]
[WhiteElo "2403"]
[BlackElo "2264"]
[PlyCount "66"]
[EventDate "2011.01.07"]
[EventType "swiss"]
[EventRounds "9"]
[EventCountry "CZE"]
[SourceTitle "CBM 140 Extra"]
[Source "ChessBase"]
[SourceDate "2011.03.01"]
[SourceVersion "1"]
[SourceVersionDate "2011.03.01"]
[SourceQuality "1"]

1. d4 Nf6 2. c4 g6 3. Nc3 Bg7 4. e4 d6 5. Be2 0-0 6. Nf3 e5 7. Be3 Ng4 8. Bg5 f6 9. Bh4 Nc6 10. d5 Ne7 11. 0-0 c5 12. a3 h5 13. Nd2 Bd7 14. b4 b6 15. Rb1 Nc8 16. Bg3 Nh6 17. bxc5 dxc5 18. f4 exf4 19. Bxf4 g5 20. Bg3 f5 21. Qc2 f4 22. Be1 g4 23. Nb3 Be5 24. Nc1 g3 25. hxg3 fxg3 26. Rxf8+ Kxf8 27. Qd3 Qh4 28. Qf3+ Kg7 29. Qxh5 Bd4+ 30. Kf1 Qxh5 31. Bxh5 Nd6 32. N3e2 Rf8+ 33. Bf3 Rxf3+ 0-1

[Event "Prague op-A 10th"]
[Site "Prague"]
[Date "2011.01.07"]
[Round "1"]
[White "Cifka, Stanislav"]
[Black "Hrbolka, Ladislav"]
[Result "1-0"]
[WhiteElo "2403"]
[BlackElo "2153"]
[PlyCount "88"]
[EventDate "2011.01.07"]
[EventType "swiss"]
[EventRounds "9"]
[EventCountry "CZE"]
[SourceTitle "CBM 140 Extra"]
[Source "ChessBase"]
[SourceDate "2011.03.01"]
[SourceVersion "1"]
[SourceVersionDate "2011.03.01"]
[SourceQuality "1"]

1. d4 Nf6 2. c4 g6 3. Nc3 Bg7 4. e4 d6 5. Be2 0-0 6. Nf3 c5 7. d5 e6 8. Nd2 exd5 9. cxd5 Na6 10. 0-0 Nc7 11. Re1 Re8 12. a4 b6 13. Qc2 Ba6 14. Bxa6 Nxa6 15. Nc4 Nb4 16. Qd1 a6 17. Bf4 Bf8 18. Qd2 Nh5 19. Bg5 f6 20. Bh4 Ra7 21. f3 g5 22. Bg3 Rb7 23. Na2 Nxa2 24. Rxa2 Ng7 25. b4 f5 26. bxc5 bxc5 27. e5 f4 28. Bf2 dxe5 29. d6 Qd7 30. Qd5+ Qf7 31. Rd2 e4 32. fxe4 Rb4 33. d7 Rxc4 34. dxe8Q Nxe8 35. Qxg5+ Qg6 36. Qxf4 Bh6 37. Qe5 Bxd2 38. Qd5+ Qf7 39. Qxd2 Rxa4 40. Bxc5 Ra2 41. Qe3 Qg6 42. Qb3+ Qf7 43. Qh3 Qc7 44. Bd4 Qd6 1-0

[Event "Cesky Krumlov op 4th"]
[Site "Cesky Krumlov"]
[Date "2010.11.26"]
[Round "7"]
[White "Nikolaev, Leonid"]
[Black "Cifka, Stanislav"]
[Result "1-0"]
[WhiteElo "2308"]
[BlackElo "2410"]
[PlyCount "55"]
[EventDate "2010.11.21"]
[EventType "swiss"]
[EventRounds "9"]
[EventCountry "CZE"]
[SourceTitle "CBM 139 Extra"]
[Source "ChessBase"]
[SourceDate "2011.01.05"]
[SourceVersion "1"]
[SourceVersionDate "2011.01.05"]
[SourceQuality "1"]

1. d4 e6 2. Nf3 c5 3. e3 Nf6 4. Bd3 b6 5. 0-0 Be7 6. c4 cxd4 7. exd4 Bb7 8. Nc3 0-0 9. d5 Bb4 10. Bg5 Bxc3 11. bxc3 h6 12. Bh4 exd5 13. cxd5 Bxd5 14. Bc2 Bb7 15. Re1 d5 16. Ne5 Qd6 17. Qd3 Ba6 18. c4 g5 19. Ng4 Ne4 20. Rxe4 f5 21. Nxh6+ Qxh6 22. Qxd5+ Kh8 23. Re6 Qg7 24. Rae1 gxh4 25. Re7 Qf6 26. R1e6 Qg5 27. Qe5+ Kg8 28. Qd6 1-0

[Event "Cesky Krumlov op 4th"]
[Site "Cesky Krumlov"]
[Date "2010.11.25"]
[Round "5"]
[White "Cifka, Stanislav"]
[Black "Vorobyov, Yurij"]
[Result "1-0"]
[WhiteElo "2410"]
[BlackElo "2235"]
[PlyCount "71"]
[EventDate "2010.11.21"]
[EventType "swiss"]
[EventRounds "9"]
[EventCountry "CZE"]
[SourceTitle "CBM 139 Extra"]
[Source "ChessBase"]
[SourceDate "2011.01.05"]
[SourceVersion "1"]
[SourceVersionDate "2011.01.05"]
[SourceQuality "1"]

1. d4 Nf6 2. c4 c5 3. d5 b5 4. cxb5 a6 5. bxa6 Bxa6 6. Nc3 d6 7. Nf3 g6 8. g3 Bg7 9. Bg2 Nbd7 10. Qc2 Nb6 11. Nd2 0-0 12. 0-0 Ra7 13. Rd1 Ng4 14. h3 Ne5 15. b3 Qa8 16. Bb2 Rb8 17. Kh2 Bc8 18. a4 Ba6 19. f4 Ned7 20. e4 Nc8 21. Rab1 Rbb7 22. Na2 Bd4 23. Re1 e5 24. dxe6 fxe6 25. Bxd4 cxd4 26. b4 d3 27. Qb3 Kf7 28. f5 Nc5 29. Qd1 Nd7 30. fxe6+ Kxe6 31. b5 Bxb5 32. Qb3+ Ke7 33. axb5 Rxb5 34. Qg8 Rxb1 35. Nxb1 Ne5 36. Nac3 1-0